000
00241nam a2200097Ia 4500
005
20251222114348.0
008
251222s1900||||xx |||||||||||||| ||spa||
082
_a
DVD0192/R82/2005
245
0
_a
El corazón del hombre y la poesía:
942
_c
DVD
999
_c
1120
_d
1120